Desconcertantes panoramas de México : problemas de México vistos por un viejo / José S. Noriega

Gespeichert in:
Bibliographische Detailangaben
1. Verfasser: Noriega, José S. (autor)
Format: Buch
Schlagworte:
Tags: Tag hinzufügen
Keine Tags, Fügen Sie das erste Tag hinzu!

MARC

LEADER 00000nam^a2200000^u^4500
001 000545063
005 20250521000000.0
008 060220s1000^^^^^^^^^^^^r^^^^^000^0^spa^d
009 20260310131341.382
035 |a FMI 000014419 
037 |a Acervo Xavier Clavigero 
096 |a 3.5/2/D 
100 |a Noriega, José S.  |e (autor) 
245 1 0 |a Desconcertantes panoramas de México : problemas de México vistos por un viejo / José S. Noriega 
264 |a México : J. S. Noriega 
300 |a xii, 803 p. + 3 pliegos 
336 |a texto  |b txt  |2 rdacontenido 
337 |a sin mediación  |b n  |2 rdamedio 
338 |a volumen  |b nc  |2 rdasoporte 
597 |a "Población, Clima, Problema Agrario, Comuninación Interoceánica" 
649 |a XX 
650 |a HISTORIA DE MEXICO 
910 |a Fondo Francisco Migoya Covarrubias S.J. 
920 |a Impresos - Libros 
930 |a Fondos Especiales 
905 |a 134 
901 |a SBC07016  |b IT2  |c ESP  |u 20250521 
902 |a https://opac.biblio.iteso.mx/vufind/Record/000545063